[Event "Linares 19th"]
[Site "Linares"]
[Date "2002.03.03"]
[Round "8"]
[White "Kasparov, Garry"]
[Black "Vallejo Pons, Francisco"]
[Result "1-0"]
[WhiteElo "2838"]
[BlackElo "2629"]
[Annotator "Ribli,Z"]
[PlyCount "99"]
[EventDate "2002.02.22"]
[EventType "tourn"]
[EventRounds "14"]
[EventCountry "ESP"]
[EventCategory "20"]
[SourceTitle "CBM 088"]
[Source "ChessBase"]
[SourceDate "2002.03.21"]
[SourceVersion "1"]
[SourceVersionDate "2002.03.21"]
[SourceQuality "1"]

1. e4 {Ftacnik} c5 {Eine kleine Überraschung - Vallejo spielt gewöhnlich die
Berliner Variante der Spanischen Verteidigung.} 2. Nf3 e6 3. d4 cxd4 4. Nxd4 a6
5. c4 {Das ist interessant: Kasparov spielt diese - ein wegen in
Vergesseinheit geratene - Variante anstelle von 5.Bd3 oder 5.Nc3.} Nf6 6. Nc3
Qc7 (6... Bb4 $5 {Das wäre der eigentliche Prüfstein für die Variante mit 5.c4.
Ich habe den Eindruck, dass der junge spanische GM hier den theoretischen
Hauptvarianten aus dem Wege gehen wollte.}) 7. a3 b6 8. Be3 Bb7 9. f3 Nc6 (9...
d5 {Ftacnik} 10. cxd5 exd5 11. Rc1 Qe7 12. Qa4+ b5 13. Bxb5+ axb5 14. Qxb5+ Qd7
15. e5 $40) 10. Be2 Rb8 (10... Nxd4 11. Bxd4 Bd6 (11... e5 {Ftacnik} 12. Be3
Bc5 13. Qd2 $14) 12. Qb3 Bc5 13. Rd1 Rb8 14. O-O O-O 15. Kh1 Nh5 16. Qc2 Bc6
17. Qd2 Nf4 18. Be3 {1/2-1/2 Sedina,E-Movsesian,S/Groningen 1998/EXT 2000 (34)}
) (10... Bd6 $2 11. Ndb5 $18) 11. b4 $1 {Ein nützlicher Wartezug. Die
sofortige Rochade wäre weniger stark, denn sie würde Schwarz erlauben, seinen
Läufer nach d6 zu entwickeln.} (11. O-O Bd6 $1 {Dieser Läuferzug ist jetzt
möglich, denn nach 12.Ndb5 käme 12...axb5 13.Nxb5 und 13...Bxh2+.} 12. f4 Nxd4
13. Qxd4 Bc5 $11) 11... Be7 12. O-O O-O 13. Rc1 {[%cal Gc1c7] Wir haben eine
typische Igelstellung vor uns - Weiß hat die Initiative und kontrolliert mehr
Raum. Die schwarze Stellung hingegen ist ein wenig passiv, aber auch solide.
Weiß droht jetzt 14.Nd5.} Ne5 {Es ist klar, dass Schwarz das Motiv 14.Nd5
vermeiden muss. Ich möchte darauf hinweisen, dass der Springer in solchen
Stellungen für gewöhnlich viel besser auf d7 als auf c6 steht.} (13... Nxd4 14.
Qxd4 d6 (14... Bd6 15. f4 e5 16. Qxb6) 15. Qxb6 Qxb6 16. Bxb6 Bxe4 17. Bc7 {
'!' Ftacnik.} Rbc8 18. Bxd6 Bxd6 19. Nxe4 Nxe4 20. fxe4 $16) 14. f4 $14 {
'!' Ftacnik. Weiß kümmert sich nicht um seinen Pc4. Er übt spürbar
positionellen Druck aus. Die schwarzen Figuren stehen etwas unglücklich - vor
allem der Ne5 findet keinen rechten Platz.} Ng6 (14... Nxc4 $4 15. Bxc4 Qxc4
16. Nb1 Qa2 17. Rf2 $18) 15. Bd3 $1 {Ftacnik: 'Vallejo Pons has not managed
the defense perfectly, the knights f6, g6 are not making natural impression.  '
} (15. e5 Ne4 $132) 15... Ba8 (15... d6 $6 {Dieser auf den ersten Blick
normale erscheinende Zug schwächt den Punkt e6.} 16. f5 $16 exf5 17. Nxf5 $16)
16. Qe2 (16. e5 Ne8 17. Qh5 f5 $13 18. g4 $2 (18. Rfe1 {Ftacnik} Qc8 $14) 18...
Qb7 19. Nf3 Nh4 $15 20. Be4 fxe4 21. Nxh4 $11) 16... Kh8 $1 {[%cal Gf6g8]
Schwarz verteidigt sich gut - er plant Ng8.} 17. e5 Ng8 $1 {[%mdl 256]} (17...
Ne8 {Ftacnik} 18. c5 $1 bxc5 19. Na4 $16) 18. Qh5 (18. c5 $5 bxc5 19. Na4 Nh4
20. Nxc5 Bxg2 21. Rfd1 Bxc5 22. Rxc5 Qd8 23. Bxa6 $36) (18. f5 {Ftacnik} Nxe5
19. Bf4 Bd6 $17) 18... a5 $5 {'!' Ftacnik. Dieser Zug schwächt das Feld b5,
aber Schwarz möchte etwas Gegenspiel finden.} (18... d6 $2 19. Nxe6 {'!'
Ftacnik.} fxe6 20. Bxg6 $18 Nh6 21. Bd3 $16) 19. Ndb5 $2 {Ftacnik: 'Kasparov
is chronically optimistic, the defense of the attacked b4 pawn would have been
the most natural act for most players.' Mit diesem Zug opfert Kasparov einen
Bauern. Meiner Meinung nach wäre es besser, den Pb4 mit einem ruhigen Turmzug
zu verteidigen.} (19. Rb1 $14 axb4 20. axb4) 19... Qc6 20. Rc2 (20. Be4 Qxc4
21. Bxa8 Rxa8 $15) (20. Rf3 {Ftacnik} axb4 21. axb4 Bxb4 22. Rg3 Bc5 $13) 20...
axb4 21. axb4 Bxb4 $13 {Weiß übt zwar in der Tat spürbaren Druck aus, aber
angesichts seines Mehrbauern sollte Schwarz nicht Bange sein.} 22. Ne4 f5 $1
23. Ng5 (23. exf6 Nxf6 24. Nxf6 Rxf6 25. Bd4 Bc5) (23. Ned6 $5 $13 Bc5 24. Qh3
N8e7) 23... Nh6 {Weiß steht zwar aktiv am Königsflügel, es ist aber nicht klar,
wie er seinen Angriff jetzt fortsetzen soll.} 24. Kh1 Bc5 25. Bc1 Qc8 $6 (25...
Bb7 $142 $17 {[%cal Gb8a8,Ga8a1]} 26. h3 Ra8) 26. h3 Kg8 27. Kh2 Ne7 $1 28. Nd6
(28. Bb2 Qe8) 28... Bxd6 {'?!' Ftacnik. Ftacnik: 'The young Spaniard has
decided to play for a win, but the opening of the a1-h8 diagonal boarders on a
teasing of a devil. '} (28... Qc6 $5 29. Nb5 Qc8 (29... Bb7 $13 {Ftacnik}) 30.
Nd6) 29. exd6 Nc6 30. Bb2 {[%csl Gb2][%cal Gb2g7]} Nb4 31. Rd2 (31. Rc3 $2 {
Ftacnik} Qc6 32. Rf2 Qc5 $17) 31... b5 {'!?' Ftacnik.} (31... Nxd3 {Ftacnik}
32. Rxd3 Qxc4 33. Nxh7 $3 (33. Rg3 {Ftacnik} Qxf1 34. Nxh7 Ng4+ 35. hxg4 Bxg2
36. Rxg2 Qxf4+ $11) 33... Qxd3 (33... Kxh7 {Ftacnik} 34. Rg3 Rf7 35. Qg6+ Kg8
36. Qxh6 $18) (33... Qc2 {Ftacnik} 34. Rg3 Qxb2 35. Qxh6 Qxg2+ 36. Rxg2 Bxg2
37. Qg6 Bxf1 38. Ng5 $18) 34. Qg6 e5 35. Bxe5 Rf7 36. Ng5 $18) 32. Rc1 $1 {
[%cal Gc1c8]} (32. cxb5 $2 Nxd3 33. Rxd3 (33. Bxg7 Kxg7 34. Rxd3 Rf6 35. Rg3
Rg6 $19) 33... Qc2 $19 {[%cal Rc2g2,Rc2b2,Rc2d3]}) 32... Qe8 (32... Nxd3 $2 33.
Rxd3 bxc4 34. Bxg7 {'!' Ftacnik.} Kxg7 35. Rg3 Rf6 36. Nf7+ Ng4+ 37. hxg4 Rxf7
38. gxf5+ $18 Kf8 39. Qh6+ $18) 33. Qe2 Nxd3 $2 {Ftacnik: 'Only this illogical
swap will catapult white's rook to the third rank and send black's chances for
the fruitful defense to the land of dreams. '} (33... bxc4 $142 34. Bxc4 (34.
Rxc4 {Ftacnik} Nd5 $15) 34... Nd5) 34. Rxd3 Nf7 (34... bxc4 35. Rg3 Rb3 36. Bc3
(36. Rcc3 Qg6 37. Rxb3 cxb3 38. Qb5 (38. Qe5 $18 {Ftacnik}) 38... Bc6 39. Qxb3
$16) 36... Rf6 $5) 35. Rg3 Nxg5 (35... e5 {Ftacnik} 36. Nxf7 Rxf7 37. Bxe5 Bc6
38. cxb5 Rxb5 39. Re1 $16) 36. Rxg5 Rf7 37. Qe5 {[%csl Gb2,Ge5][%cal Rb2g7,
Rg5g7][%mdl 128] Ungleichfarbige Läufer stellen in der Regel einen Vorteil für
den Angreifer dar.} (37. cxb5 {Ftacnik} h6 38. Rg3 Kh7 39. Qh5 $18) 37... Qf8
38. cxb5 $16 {Die Stellung ist materiell ausgeglichen, aber Schwarz verfügt
über keinerlei Gegenspiel. Er kann praktisch nur abwarten.} h6 39. Rg3 Kh7 40.
Bd4 {[%csl Gd4][%cal Gb5b6] Der schwarzfeldrige Läufer von Weiß ist die
Schlüsselfigur dieser Partie - jetzt droht 41.b6.} Bd5 41. b6 {[%csl Gb6]} Rf6
(41... Bc6 42. Rxc6 dxc6 43. Qxe6 $18 Re8 44. Qg6+ Kg8 45. Qxh6 $18) 42. Rcc3
Rf7 43. Rc7 Be4 44. Rb3 Bd5 45. Rb5 {Droht 46.Rxd5.} Bb7 46. Ra5 {[%cal Ra5a7,
Ra7h7]} Qd8 47. Ra7 Be4 $2 (47... Bd5 $142 $16 48. Qe2 Qh4 49. g3 Qd8 50. Qb5)
{[#]} 48. Qxe6 Qh4 49. Qxf7 Qxf4+ 50. Kg1 1-0

[Event "Linares 19th"]
[Site "Linares"]
[Date "2002.03.10"]
[Round "14"]
[White "Shirov, Alexei"]
[Black "Kasparov, Garry"]
[Result "0-1"]
[WhiteElo "2715"]
[BlackElo "2838"]
[Annotator "Rogozenco,D"]
[PlyCount "56"]
[EventDate "2002.02.22"]
[EventType "tourn"]
[EventRounds "14"]
[EventCountry "ESP"]
[EventCategory "20"]
[SourceTitle "CBM 088"]
[Source "ChessBase"]
[SourceDate "2002.03.21"]
[SourceVersion "1"]
[SourceVersionDate "2002.03.21"]
[SourceQuality "1"]

1. e4 c5 2. Nf3 Nc6 3. d4 cxd4 4. Nxd4 Nf6 5. Nc3 e5 6. Ndb5 d6 7. Bg5 a6 8.
Na3 b5 9. Bxf6 gxf6 10. Nd5 f5 11. Bxb5 axb5 12. Nxb5 Ra4 13. b4 {Up to the
present game the piece sac in connection with this pawn advance brought Shirov
two nice victories. Actually the move 13.b4 was lately the reason for
popularity of the whole bishop sacrifice line. Probably it is time to have a
closer look to 13.b4. White obviously wants to open files on the queenside and
it also defends pawn e4 in a very original and active manner. The move is not
new at all and was first played in 1979, but never considered dangerous
because of the answer 13. ... Rxb4. However, the things proved far from clear
after 14.Nbc7 Kd7 15.0-0, when Black must play very precise in order to avoid
a quick disaster. Black tried several different ways after that, but it became
more or less obvious that White has a good compensation for the piece. In the
former Soviet Union the inventor of the b4 idea was considered Latvian Master
Alvis Vitolinsh. It is not possible to say now if he played it before the
first officially recorded game with 13.b4 ( Tringov,G-Cvetkovic,S/Vrnjacka
Banja 1979), because in chess databases many Soviet tournaments are absent.
Interesting is another factor. Certain is that after two decades another
originally Latvian player contributed to its revival - Alexey Shirov. Maybe we
should name the move 13.b4 the Latvian Variation?  However, the present game
is a serious blow against "Latvian Variation". The psychological effect of
this game might be so strong that we won't see 13.b4 soon in the practice
again, that's why I thought it is better to give this short historical
background now.} (13. Nbc7+ Kd7 14. b4 {would avoid Black's option 13. ... Qh4,
since now 14...Qh4 makes less sense (because the king went on d7 already, see
next comment). Maybe in this case Black can consider taking on b4 with the
knight, although it wasn't played it in the practice yet.} Rxb4 (14... Nxb4 $5
15. c3 Nxd5 16. Qxa4+ Kxc7 17. exd5 Bb7 $13 {White will soon double rooks on
the b-file, while Black should be trying to trade queens. It's difficult to
give a precise evaluation of the position without practical games played with
it.}) 15. O-O $13) 13... Qh4 {Repeating McShane's idea. Strange that nobody
played it after the game Luther,T-McShane,L/Lippstadt 2000. 13... Qh4 has
several ideas. First of all the counterplay on the kingside is typical for
Black in 11.Bxb5 line. Secondly (and most important) Black makes available
square d8 for his king, thus keeping open the diagonal c8-h3 for the bishop.
And finally the queen attacks pawn e4.} (13... Nxb4 $2 {This doesn't work now
because White wins a piece:} 14. Ndc7+ {That's the difference. White gives
check with another knight.} Kd7 15. c3 $16) (13... Rxb4) 14. O-O Rg8 15. f4 {
A slightly dubious novelty. Or let put it this way - the move was already
recommended in the annotations to McShane's game and one would expect that
Shirov had analyzed the arising complications, but the game proved the
opposite.} ({After} 15. c3 f4 {White forced a draw in the above-mentioned game:
} 16. Qxa4 Rxg2+ 17. Kxg2 Qg4+ {1/2-1/2 Luther,T-McShane,L/Lippstadt 2000.
Probably this is the logical outcome, unless Black can invent something
instead of 15...f4 to play for more than a draw, but I doubt that.}) 15... Kd8
{Shirov failed to find a way and collapsed in a few moves. I accept that there
are ways for White to improve, but on the other hand Black has always enough
counterplay, at least for a draw by perpetual in most of the cases.} 16. c3 (
16. Nb6 $5 Rxb4 17. Nxc8 (17. Nxd6 Rd4 $19) 17... Kxc8 18. Qd5 (18. Nxd6+ Bxd6
19. Qxd6 Rc4 $1 $19)) 16... Ra6 17. a4 {Makes possible the move Ra1-a2 later.}
(17. Ndc7 Rb6 18. a4 fxe4 {see 18.Nbc7}) 17... fxe4 18. f5 $6 (18. Ndc7 {
This was certainly more stubborn. Now in the following variations White is
still struggling:} Rb6 (18... Bh3 19. Ra2) (18... exf4 19. Nxa6 f3 20. Ra2 Bxa6
21. Qd5 $1 Qh3 22. g3 Bxb5 23. axb5 Ne5 24. b6 {and probably Black has nothing
more than a draw with Rxg3 at one point.}) 19. a5 Rb7 20. a6 Rxc7 21. Nxc7 Kxc7
22. a7 Bb7 23. a8=Q Bxa8 24. Rxa8) 18... Bb7 {The diagonal c8-h3 was closed by
18.f5, so the bishop finds a better one - the long diagonal, which will prove
fatal for White. By the way, one can say that the long diagonal is also full
of pieces. Well, watch this:} 19. Ra2 e3 $1 20. Nxe3 Qe4 21. Re1 Nxb4 $1 $19 {
The decisive combination - White cannot hold g2. Who said that the long
diagonal is full of pieces?} 22. cxb4 Bh6 {Attacking the defender - a
well-known and effective motif.} 23. Kh1 Bxe3 24. Qe2 {The rest doesn't need
comments - Black is absolutely winning.} (24. Rxe3 Qxg2+ 25. Rxg2 Bxg2+ 26. Kg1
Bf3+ 27. Kf2 Bxd1 {with a rook up.}) 24... Rc6 25. a5 Qxb4 26. Nxd6 Rxd6 27.
Qxe3 Qd4 28. Qc1 Qd5 0-1

[Event "Linares 20th"]
[Site "Linares"]
[Date "2003.02.27"]
[Round "5"]
[White "Kasparov, Garry"]
[Black "Ponomariov, Ruslan"]
[Result "1-0"]
[WhiteElo "2847"]
[BlackElo "2734"]
[Annotator "Ftacnik,L"]
[PlyCount "86"]
[EventDate "2003.02.22"]
[EventType "tourn"]
[EventRounds "14"]
[EventCountry "ESP"]
[EventCategory "20"]
[SourceTitle "CBM 094"]
[Source "ChessBase"]
[SourceDate "2003.05.26"]
[SourceVersion "1"]
[SourceVersionDate "2003.05.26"]
[SourceQuality "1"]

1. Nf3 Nf6 2. d4 e6 3. g3 b6 4. Bg2 Bb7 5. c4 Be7 6. Nc3 Ne4 7. Bd2 Bf6 8. O-O
O-O 9. Rc1 d5 10. cxd5 exd5 11. Bf4 Nxc3 {Exchange of the knight on c3 is very
risky, Ponomariov will be quickly exposed to the severe test.} 12. bxc3 Na6 13.
e4 $1 dxe4 14. Nd2 g5 $2 {[%mdl 16384] This maddeningly courageous move is
dubious for two reasons. Simple logic is teaching, that it is not very smart
to tease the tiger ready to attack and on top of it 14..g5? is objectively
very weak solution of the problems.} (14... Re8 $1 15. Re1 g5 16. Nxe4 Rxe4 (
16... Bxe4 17. Rxe4 gxf4 18. Rxe8+ Qxe8 19. Qf1 (19. Bb7 fxg3 20. hxg3 c5) (19.
Qd3 b5 20. Bxa8 Qxa8 21. a4 c6 22. axb5 Nc7 $11) 19... b5 20. Bxa8 Qxa8 21.
Qxb5 Qc8 22. Re1 c6 $11) 17. Rxe4 gxf4 18. Re8+ Qxe8 19. Bxb7 fxg3 (19... c5
20. Qg4+ Bg7 21. Qxf4 cxd4 22. cxd4 Rd8 23. Bxa6 Rxd4 24. Qf5 $14) 20. hxg3 c5
21. Bxa6 cxd4 22. cxd4 Rd8 $11) 15. Be3 (15. Nxe4 $5 Bxe4 16. Bxe4 gxf4 17. Qh5
Re8 18. Qxh7+ Kf8 19. Bb7) (15. Nxe4 Bxe4 (15... Rb8 16. Nxf6+ Qxf6 17. Bxb7
Rxb7 18. Qg4 h6 19. h4 $16) 16. Bxe4 gxf4 17. Qh5 Re8 18. Qxh7+ Kf8 19. Bb7 c5
20. Bxa6 cxd4 21. Rfd1 fxg3 22. hxg3 $16) 15... Re8 16. f4 exf3 (16... gxf4 17.
Rxf4 Bg7 (17... Bg5 18. Rg4 f6 19. Nxe4 $18) 18. Nxe4 $16) 17. Bxf3 Bd5 (17...
c6 18. Ne4 Be7 19. Bh5 Rf8 20. Qb3 Qd5 21. Qxd5 cxd5 22. Bxg5 $16) (17... Bxf3
18. Qxf3 Re6 19. Ne4 Qe8 20. Nxf6+ Rxf6 21. Qxf6 Qxe3+ 22. Kg2 $18) 18. Bxd5
Qxd5 19. Rxf6 Rxe3 20. Qg4 {Ponomariov is fighting with the problems of
exposed kingside pawns, but also with the miserable location of the knight on
a6.} Re6 (20... Rae8 $5 21. Rf5 (21. Nf3 R3e4 (21... h6 22. Qh5 $16) 22. Qxg5+
Qxg5 23. Nxg5 Re2 24. Nxf7 Rxa2 25. Ne5 Nc5 26. Re1 $14) 21... Qe6 22. Qxg5+
Qg6 23. Qf4 $14) 21. Rf5 Qc6 (21... Qxa2 22. Qxg5+ Rg6 23. Qf4 c5 24. Rf1 Rf8
25. Ne4 $16) 22. Qxg5+ Rg6 23. Qh5 Rf8 (23... Nb4 24. Nf3 Nxa2 25. Ne5 Qe4 26.
Rxf7 Qe3+ 27. Kg2 $18) 24. Nf3 f6 (24... Qe4 25. Re1 Qc2 26. Ng5 Rh6 (26... h6
27. Nxf7 $18) 27. Qxh6 Qxf5 28. Re4 $16) 25. Nh4 Rg7 26. Qh6 Nb8 27. Rh5 f5 (
27... Re8 28. Nf5 Rf7 29. Rh4 Kh8 30. Qh5 Qd7 31. Rf1 $16) 28. Qf4 Qe4 (28...
Nd7 29. Rxf5 $16) 29. Rf1 Qxf4 30. Rxf4 Rg4 (30... Rgf7 31. Nxf5 Kh8 32. Ne7
Rxf4 33. Ng6+ Kg8 34. Nxf4 $18) 31. Rfxf5 Nd7 {The knight has finally managed
to join the playing orchestra, but in the meantime black's position has become
hopeless.} (31... Re8 32. Re5 $18) 32. Rxf8+ Nxf8 33. Kf2 Nd7 34. Nf5 Kh8 (
34... Re4 35. Rg5+ Kf7 36. Rg7+ Ke6 37. g4 Nf6 38. Kf3 $18) 35. Kf3 Rg8 (35...
Rg6 36. Ne3 $18) 36. Rh6 Rf8 37. g4 Nf6 38. c4 Kg8 (38... c5 39. dxc5 bxc5 40.
Kf4 $18) 39. Kf4 Rf7 40. g5 Ne8 (40... Nd7 41. Re6 $18) 41. Ke5 Rd7 (41... Ng7
42. Rf6 Nxf5 43. Rxf7 Kxf7 44. Kxf5 $18) 42. Ke6 Rf7 (42... Rd8 43. Ke7 Rb8 44.
Rf6 Nxf6 45. gxf6 $18) 43. Rf6 $1 {The spirited final combination is
shortening defender's suffering, white's dominating pieces will force the f
pawn through.} Nxf6 (43... Nxf6 44. gxf6 Rf8 (44... Kf8 45. Nh6) 45. f7+ Rxf7
46. Nh6+ $18) 1-0